| 000 | 00612nam0a22002291 4500 | ||
|---|---|---|---|
| 001 | rc\732176 | ||
| 005 | 20250622112358.0 | ||
| 035 | _a(NLR Aleph) 006262640 | ||
| 090 |
_a6865106 _c6865106 |
||
| 100 | _a20040301d1985 |||y0rusy50 ca | ||
| 101 | 0 | _arus | |
| 102 | _aRU | ||
| 105 | _aa ||||||||| | ||
| 200 | 1 | _aМосты через века | |
| 210 |
_aМ. _cЗнание _d1985 |
||
| 215 |
_a224 с., 8 л. ил. _cил. _d17 |
||
| 700 | 1 |
_aПин _bА.Л. _f1935- _gАльберт Львович |
|
| 801 | 0 |
_aRU _bNLR _gpsbo |
|
| 801 | 1 |
_aRU _bELAR _2rusmarc |
|
| 852 |
_aNLR _j86-2/1305 |
||
| 942 | _cBOOK | ||
| 980 | _aNB | ||